000 00731nam a22002531 4500
001 26815
003 BD-RjUL
005 20211209051054.0
008 140323s1967 pk c 000 0aeng
035 _a(BD-RjUL)26886
040 _aDLC
_cDLC
_dDLC
_dBD-RjUL
_beng
041 _aeng
082 0 0 _a915.49030924
_bKHM 1967
100 1 _aKhan, Rahim Bux,
_d1895-
_982424
245 1 0 _aMy beloved Pakistan :
_bmemoirs, 1946-66 /
_cRahim Bux Khan.
260 _a[Karachi :
_bTrade and Industry Publications,
_c1967.
300 _aiv, ii, 221 p. :
_bports.
_c23 cm.
350 _aRs10
504 _aIncludes index.
600 1 0 _aKhan, Rahim Bux,
_d1895-
_982437
942 _2ddc
_cBK
999 _c26815
_d26815